Derecho de quiebras

में बचाया:
ग्रंथसूची विवरण
मुख्य लेखकों: Viada Lozano, Alberto (लेखक), Rojas Varas, Inés Lorena (लेखक)
स्वरूप: पुस्तक
भाषा:स्पेनिश
प्रकाशित: Santiago, Chile. ConoSur, 2001
विषय:
टैग: टैग जोड़ें
कोई टैग नहीं, इस रिकॉर्ड को टैग करने वाले पहले व्यक्ति बनें!

MARC

LEADER 00000nam a2200000 a 4500
001 UCN9188
003 CL-VaPUC
005 20211207120711.0
008 011130e20010900CL |||||||||||||||||spa|d
999 |c 298710  |d 298708 
040 |c Pontificia Universidad Católica de Valparaíso 
082 0 4 |a 346.078 VIA 2001  |2 21 
100 0 |a Viada Lozano, Alberto  |e author  |9 465680 
245 1 0 |a Derecho de quiebras 
260 |a Santiago, Chile.  |b ConoSur,  |c 2001 
300 |a 220 páginas 
583 |a last modification  |c 20011130 00:00:00  |k Rodrigo Vera 
650 0 |a Quiebra  |9 255386 
650 0 |a Juicio de quiebra  |9 427105 
650 0 |a Derecho de quiebra  |9 427106 
651 0 |a Chile  |2 CL-VaPUC  |9 254862 
700 0 |a Rojas Varas, Inés Lorena  |e author  |9 465681 
942 |c BK  |2 ddc 
945 |d 20011130 00:00:00  |a vberengu 
952 |0 0  |1 0  |2 ddc  |4 0  |6 346_078000000000000_VIA_2001  |7 0  |8 A  |9 579499  |a BIBDER  |b BIBDER  |c GEN  |d 2021-12-03  |e 22  |g 29750.00  |i 5628261  |o 346.078 VIA 2001  |p 5628261  |r 2023-01-25  |t 2  |v 29750.00  |w 2021-12-09  |y BK  |k DER